Catalog

Record Details

Catalog Search



Kníže Stříbrný : vypravování z časů Ivana Hrozného  Cover Image Book Book

Kníže Stříbrný : vypravování z časů Ivana Hrozného / Aleksej Konstantinovič Tolstoj ; přeložila Božena Popová

Record details

  • Physical Description: 399 s. ; 18 cm
  • Edition: [1. vyd.]
  • Publisher: Praha : J. Otto, 1925

Content descriptions

General Note:
Údaj o vyd. z předmluvy

Available copies

  • 1 of 1 copy available at Common Catalog SPOK.

Holds

  • 0 current holds with 1 total copy.
Show Only Available Copies
Location Call Number / Copy Notes Barcode Shelving Location Status Due Date
KDS Library 810 ToA 204576801023 Library Available -

LDR 00680nam a2200217 a 4500
00120698
003CZ-PrJAB
00520150709103547.0
007ta
008121113s1925 xr ||| | cze
015 . ‡acnb002416835
035 . ‡a(CZ PrNK)cpk20122416835
040 . ‡aABA001 ‡bcze
0411 . ‡acze ‡hrus
1001 . ‡aTolstoj, Aleksej Konstantinovič, ‡d1817-1875 ‡7jn19990210620 ‡4aut
24510. ‡aKníže Stříbrný : ‡bvypravování z časů Ivana Hrozného / ‡cAleksej Konstantinovič Tolstoj ; přeložila Božena Popová
250 . ‡a[1. vyd.]
260 . ‡aPraha : ‡bJ. Otto, ‡c1925 ‡f(Veleslavín)
300 . ‡a399 s. ; ‡c18 cm
500 . ‡aÚdaj o vyd. z předmluvy
910 . ‡aABE463
998 . ‡a002416835
901 . ‡a20698 ‡b ‡c20698 ‡tbiblio

Additional Resources